Guess the 1970s song lyrics #153 - Statistics

General Stats
  • This quiz has been taken 13 times
  • The average score is 120 of 184
Answer Stats
Answer % Correct
a
100%
an
100%
and
100%
And
100%
To
100%
to
100%
I
92%
of
92%
on
92%
the
92%
We
92%
we
92%
you
92%
be
83%
can
83%
If
83%
if
83%
not
83%
that
83%
this
83%
Why
83%
Just
75%
out
75%
see
75%
your
75%
day
67%
don't
67%
Make
67%
way
67%
would
67%
could
58%
down
58%
give
58%
It's
58%
Or
58%
own
58%
place
58%
That's
58%
their
58%
time
58%
world
58%
You'll
58%
better
50%
comes
50%
his
50%
old
50%
Reach
50%
someone
50%
street
50%
touch
50%
try
50%
Try
50%
friend
42%
hand
42%
kindness
42%
little
42%
shoes
42%
Somebody's
42%
things
42%
busy
33%
he's
33%
something
33%
start
33%
Take
33%
very
33%
who's
33%
asked
25%
change
25%
lost
25%
problem
25%
share
25%
encouragement
17%
feet
17%
fit
17%
giving
17%
naturally
17%
Remember
17%
stone
17%
talking
17%
giving
0%
No matching quizzes found
Score Distribution
Percent of People with Each Score
Percentile by Number Answered
Your Score History
You have not taken this quiz